[Event "Yalta Yialos op"]
[Site "Yalta"]
[Date "2023.08.23"]
[Round "8"]
[White "Grishin, Petr E"]
[Black "Tarielashvili, Diana"]
[Result "1-0"]
[WhiteElo "1754"]
[BlackElo "1551"]
[PlyCount "68"]
[EventDate "2023.08.16"]
[EventType "swiss"]
[EventRounds "9"]
[EventCountry "UKR"]
[SourceTitle "EXT 2024"]
[Source "ChessBase"]
[SourceDate "2023.10.10"]
[SourceVersion "1"]
[SourceVersionDate "2023.10.10"]
[SourceQuality "1"]

1. e4 c5 2. Nf3 e6 3. d4 cxd4 4. Nxd4 Nf6 5. Nc3 Nc6 6. Ndb5 Bc5 7. Bf4 0-0 8. Bc7 Qe7 9. Bd6 Bxd6 10. Qxd6 Qd8 11. 0-0-0 a6 12. Nd4 Ne7 13. g4 b5 14. g5 Ne8 15. Qg3 Bb7 16. Bg2 b4 17. Nce2 Qa5 18. Kb1 d5 19. e5 Nc7 20. h4 Nb5 21. h5 Nxd4 22. Nxd4 Rfc8 23. g6 Qc5 24. gxf7+ Kxf7 25. Bh3 Nf5 26. Bxf5 exf5 27. Qg5 Qe7 28. e6+ Kf8 29. Qxf5+ Kg8 30. Qe5 Rf8 31. Rhg1 Qf6 32. Qc7 Rab8 33. Nf5 Qd8 34. Qc5 Bc8 1-0

[Event "Sevastopol Waltz op"]
[Site "Sevastopol"]
[Date "2022.08.05"]
[Round "5"]
[White "Khripachenko, Alexander"]
[Black "Grishin, Petr E"]
[Result "1-0"]
[WhiteElo "2137"]
[BlackElo "1733"]
[PlyCount "87"]
[EventDate "2022.08.01"]
[EventType "swiss"]
[EventRounds "9"]
[EventCountry "UKR"]
[SourceTitle "EXT 2023"]
[Source "ChessBase"]
[SourceDate "2022.10.05"]
[SourceVersion "1"]
[SourceVersionDate "2022.10.05"]
[SourceQuality "1"]

1. d4 d5 2. c4 e6 3. Nc3 c6 4. e3 Nf6 5. Nf3 Be7 6. Bd3 0-0 7. 0-0 dxc4 8. Bxc4 b5 9. Bd3 Bb7 10. e4 a6 11. Qc2 h6 12. e5 Nd5 13. Nxd5 cxd5 14. Qd2 Qc7 15. Qf4 f5 16. h4 Qd8 17. g4 Bxh4 18. gxf5 Bg5 19. Nxg5 Qxg5+ 20. Qxg5 hxg5 21. fxe6 Nc6 22. Be3 Rae8 23. Rac1 Rxe6 24. Rc5 Rh6 25. f3 Rh3 26. Kg2 g4 27. Be2 Rh4 28. fxg4 Rxf1 29. Kxf1 Rh1+ 30. Kf2 Rh2+ 31. Ke1 Rh3 32. Kd2 Rh2 33. Ke1 Rh1+ 34. Kd2 Rh2 35. Rc1 Bc8 36. Bf4 Rg2 37. Ke3 g5 38. Bxg5 Bxg4 39. Bxg4 Rxg4 40. Rxc6 Rxg5 41. Rxa6 Rg2 42. Rd6 Rxb2 43. Rxd5 b4 44. Rb5 1-0

[Event "Alushta op"]
[Site "Alushta"]
[Date "2022.07.14"]
[Round "9"]
[White "Grishin, Petr E"]
[Black "Muhtarov, Leonid"]
[Result "1-0"]
[WhiteElo "1733"]
[BlackElo "1990"]
[PlyCount "53"]
[EventDate "2022.07.06"]
[EventType "swiss"]
[EventRounds "9"]
[EventCountry "UKR"]
[SourceTitle "EXT 2023"]
[Source "ChessBase"]
[SourceDate "2022.10.05"]
[SourceVersion "1"]
[SourceVersionDate "2022.10.05"]
[SourceQuality "1"]

1. d4 Nf6 2. c4 e6 3. Nf3 b6 4. g3 Ba6 5. Qb3 c6 6. Bg2 d5 7. cxd5 cxd5 8. Ne5 Nfd7 9. Bf4 Nxe5 10. Bxe5 Qd7 11. Nc3 Nc6 12. Qa4 Bc4 13. Qd1 Nxe5 14. dxe5 Rc8 15. 0-0 Bc5 16. Re1 Qc7 17. e4 dxe4 18. Bxe4 0-0 19. Qh5 g6 20. Qg5 Bd4 21. Bg2 Qc5 22. Qf6 Rfd8 23. Rad1 Qf8 24. Ne4 Bxb2 25. Qg5 Rxd1 26. Rxd1 Kg7 27. Nf6 1-0

[Event "Alushta Rapid op"]
[Site "Alushta"]
[Date "2022.07.05"]
[Round "9"]
[White "Grishin, Petr E"]
[Black "Zhurov, Sergey"]
[Result "1/2-1/2"]
[WhiteElo "1733"]
[BlackElo "2254"]
[PlyCount "90"]
[EventDate "2022.07.03"]
[EventType "swiss (rapid)"]
[EventRounds "11"]
[EventCountry "UKR"]
[SourceTitle "CBM 209 Extra"]
[Source "ChessBase"]
[SourceDate "2022.09.30"]
[SourceVersion "1"]
[SourceVersionDate "2022.09.30"]
[SourceQuality "1"]

1. e4 c6 2. d4 d5 3. Nc3 dxe4 4. Nxe4 Nf6 5. Nxf6+ exf6 6. c3 Bd6 7. Bd3 0-0 8. Ne2 Re8 9. Be3 Nd7 10. Qc2 Nf8 11. 0-0-0 Be6 12. Kb1 Bd5 13. Rhg1 b5 14. Nf4 Bxf4 15. Bxf4 Qa5 16. b3 g6 17. h4 Qb6 18. h5 a5 19. hxg6 fxg6 20. Rde1 a4 21. b4 Qa7 22. Be4 Qf7 23. g4 Nd7 24. Re2 Nb6 25. Rge1 Bxe4 26. Rxe4 Nd5 27. Bd2 Nb6 28. f4 Qd7 29. f5 Nc4 30. Bc1 gxf5 31. gxf5 Rxe4 32. Qxe4 Nd6 33. Qg4+ Kh8 34. Re6 Rf8 35. Bf4 Nc4 36. Qh4 Qd5 37. Rxf6 Qe4+ 38. Kc1 Rg8 39. Rg6 Qxf5 40. Rxg8+ Kxg8 41. Qd8+ Qf8 42. Qg5+ Qg7 43. Qd8+ Qf8 44. Qg5+ Qg7 45. Qd8+ Qf8 1/2-1/2

[Event "Alushta Blitz op"]
[Site "Alushta"]
[Date "2022.07.02"]
[Round "10"]
[White "Lugovskoy, Maxim"]
[Black "Grishin, Petr E"]
[Result "1-0"]
[WhiteElo "2397"]
[BlackElo "1733"]
[PlyCount "175"]
[EventDate "2022.07.02"]
[EventType "swiss (blitz)"]
[EventRounds "13"]
[EventCountry "UKR"]
[SourceTitle "CBM 209 Extra"]
[Source "ChessBase"]
[SourceDate "2022.09.30"]
[SourceVersion "1"]
[SourceVersionDate "2022.09.30"]
[SourceQuality "1"]

1. d4 Nf6 2. Nc3 d5 3. Bf4 e6 4. Nb5 Na6 5. e3 c6 6. Nc3 Nc7 7. Qf3 Bd6 8. Bxd6 Qxd6 9. Qg3 Qxg3 10. hxg3 0-0 11. Bd3 h6 12. Nf3 b6 13. Ne5 c5 14. 0-0-0 Ba6 15. Bxa6 Nxa6 16. g4 cxd4 17. exd4 Rac8 18. f3 Nb4 19. Rh3 Nc6 20. Rdh1 Nxe5 21. dxe5 Nd7 22. f4 Rc4 23. Ne2 Rfc8 24. c3 d4 25. g5 dxc3 26. bxc3 Re4 27. Kd2 Nc5 28. gxh6 g6 29. h7+ Kh8 30. Rf3 Rd8+ 31. Nd4 b5 32. Rb1 a6 33. g4 Na4 34. Rb4 Kxh7 35. Rf1 Kg7 36. Rxa4 bxa4 37. Kd3 Rexd4+ 38. cxd4 Rb8 39. Rc1 Rb2 40. Rc2 Rb1 41. Rc4 a3 42. Ra4 Rg1 43. g5 Rg2 44. Rxa6 Rxa2 45. Kc4 Rf2 46. Rxa3 Rxf4 47. Rg3 Rf2 48. Kc5 Rd2 49. Rg4 Kf8 50. Kd6 Rb2 51. Rh4 Rb6+ 52. Kc5 Rb2 53. Rg4 Ke7 54. Kc4 Rc2+ 55. Kd3 Ra2 56. Rg1 Ra3+ 57. Ke4 Ra2 58. Ke3 Ra3+ 59. Kf4 Ra4 60. Ke4 Ra2 61. Rg3 Re2+ 62. Kf4 Rd2 63. Ke3 Ra2 64. Rg1 Ra3+ 65. Ke4 Ra2 66. Rb1 Kf8 67. Rb8+ Kg7 68. Rb7 Rg2 69. Kf4 Rf2+ 70. Ke3 Rg2 71. d5 Rxg5 72. Kd4 Rg4+ 73. Kc5 exd5 74. e6 Rf4 75. e7 Re4 76. Kxd5 Re1 77. Kd6 Rd1+ 78. Kc7 Re1 79. Kd8 Rd1+ 80. Rd7 Re1 81. e8Q Rxe8+ 82. Kxe8 g5 83. Rxf7+ Kg6 84. Ke7 g4 85. Ke6 Kg5 86. Ke5 g3 87. Rg7+ Kh4 88. Ke4 1-0

[Event "EU-ch Hybrid U14"]
[Site "Tornelo INT"]
[Date "2021.10.15"]
[Round "1"]
[White "Grishin, Petr E"]
[Black "Taspinar, Yanki"]
[Result "0-1"]
[WhiteElo "1729"]
[BlackElo "2147"]
[PlyCount "114"]
[EventDate "2021.10.15"]
[EventType "swiss"]
[EventRounds "9"]
[EventCountry "NET"]
[SourceTitle "EXT 2023"]
[Source "ChessBase"]
[SourceDate "2022.10.05"]
[SourceVersion "1"]
[SourceVersionDate "2022.10.05"]
[SourceQuality "1"]
[WhiteTeam "Russia"]
[BlackTeam "Turkey"]
[WhiteTeamCountry "RUS"]
[BlackTeamCountry "TUR"]

1. e4 e5 2. Nf3 Nc6 3. Bb5 a6 4. Ba4 Nf6 5. 0-0 b5 6. Bb3 Bb7 7. Re1 Bc5 8. d3 d6 9. Nc3 Na5 10. Bg5 h6 11. Bxf6 Qxf6 12. Nd5 Bxd5 13. Bxd5 c6 14. Qd2 Bb6 15. b4 cxd5 16. bxa5 dxe4 17. Rxe4 Ba7 18. a4 bxa4 19. Rexa4 0-0 20. Rb1 Rab8 21. Rxb8 Rxb8 22. Rb4 Re8 23. c3 Bc5 24. Rb1 Qf5 25. Qe2 d5 26. Re1 e4 27. d4 Be7 28. Nd2 Qc8 29. c4 Bb4 30. Rc1 Bxa5 31. Nb3 Bc7 32. g3 Qa8 33. cxd5 Qxd5 34. Qc4 Qxc4 35. Rxc4 Bb6 36. Rc6 Rb8 37. Nc5 Bxc5 38. Rxc5 Ra8 39. Ra5 Kf8 40. Kf1 Ke7 41. Ke2 g6 42. g4 Kd6 43. Ke3 Kc6 44. Kxe4 Kb6 45. Ra1 a5 46. Ke5 a4 47. Kd5 a3 48. Rb1+ Kc7 49. Kc5 a2 50. Ra1 Kd7 51. Kd5 Ra5+ 52. Kc4 Kd6 53. f4 f5 54. gxf5 gxf5 55. Kc3 Kd5 56. Kd3 Ra3+ 57. Ke2 Kxd4 0-1

[Event "EU-ch U12"]
[Site "Bratislava"]
[Date "2019.08.10"]
[Round "9"]
[White "Musaev, Matej Elbek"]
[Black "Grishin, Petr E"]
[Result "1/2-1/2"]
[WhiteElo "1693"]
[BlackElo "1506"]
[PlyCount "125"]
[EventDate "2019.08.02"]
[EventType "swiss"]
[EventRounds "9"]
[EventCountry "SVK"]
[SourceTitle "EXT 2020"]
[Source "ChessBase"]
[SourceDate "2019.10.17"]
[SourceVersion "1"]
[SourceVersionDate "2019.10.17"]
[SourceQuality "1"]

1. e4 c6 2. Nf3 d5 3. Nc3 Nf6 4. e5 Ne4 5. d4 Nxc3 6. bxc3 Bf5 7. Bd3 Bxd3 8. Qxd3 e6 9. 0-0 Be7 10. Be3 0-0 11. Rab1 b6 12. Nd2 c5 13. f4 cxd4 14. cxd4 Nc6 15. c3 Rc8 16. Rf3 f5 17. exf6 Bxf6 18. Rh3 g6 19. Nf3 Qc7 20. Bd2 Na5 21. Ne5 Nc4 22. Bc1 Bg7 23. Rb3 a5 24. Qe2 Nd6 25. Qg4 Rfe8 26. Qh4 Bxe5 27. fxe5 Nf5 28. Qg4 Qc4 29. Bg5 b5 30. Bf6 Rc7 31. Qd1 b4 32. g4 Ne7 33. Qd2 Nc6 34. Rg3 Ra7 35. cxb4 Qxd4+ 36. Qxd4 Nxd4 37. Rb2 axb4 38. Rd3 Nc6 39. h4 Rea8 40. Rdd2 Ra4 41. Rg2 Nd4 42. h5 g5 43. Rgf2 h6 44. Be7 Nc6 45. Bd6 Kg7 46. Rfc2 R8a6 47. Kf2 d4 48. Kf1 d3 49. Rc4 Rxa2 50. Rxa2 Rxa2 51. Ke1 b3 52. Rxc6 b2 53. Rc7+ Kg8 54. Rc8+ Kf7 55. Rc7+ Ke8 56. Rc8+ Kd7 57. Rc7+ Kd8 58. Rb7 Ra1+ 59. Kd2 b1Q 60. Rxb1 Rxb1 61. Bf8 Rb5 62. Bxh6 Ke8 63. Bxg5 1/2-1/2

[Event "EU-ch U12"]
[Site "Bratislava"]
[Date "2019.08.09"]
[Round "8"]
[White "Grishin, Petr E"]
[Black "Gudmundsson, Gunnar Erik"]
[Result "1/2-1/2"]
[WhiteElo "1506"]
[BlackElo "1746"]
[PlyCount "97"]
[EventDate "2019.08.02"]
[EventType "swiss"]
[EventRounds "9"]
[EventCountry "SVK"]
[SourceTitle "EXT 2020"]
[Source "ChessBase"]
[SourceDate "2019.10.17"]
[SourceVersion "1"]
[SourceVersionDate "2019.10.17"]
[SourceQuality "1"]

1. c4 Nf6 2. g3 e5 3. Bg2 c6 4. Nf3 Qc7 5. Nc3 d5 6. cxd5 cxd5 7. d4 e4 8. Ne5 Bd6 9. Bf4 0-0 10. 0-0 Qe7 11. Qb3 Be6 12. Nb5 Ne8 13. Nxd6 Nxd6 14. Qa3 Rd8 15. h3 h5 16. g4 Qf6 17. e3 hxg4 18. hxg4 a6 19. Rac1 Nb5 20. Qb4 Nd7 21. a4 Na7 22. Qxb7 Nxe5 23. Bxe5 Qg5 24. Bc7 Re8 25. Qxa6 Bxg4 26. Bf4 Qh5 27. Rfe1 Bf3 28. Qb7 Bxg2 29. Kxg2 Qf3+ 30. Kg1 Re6 31. Qxa8+ Kh7 32. Qb8 Rg6+ 33. Bg3 Rh6 34. Bh2 Rg6+ 35. Qg3 Rxg3+ 36. Bxg3 Qf6 37. Rc7 Nc6 38. Rc1 Na5 39. b4 Nc4 40. a5 Kg8 41. Ra1 Qa6 42. Rc5 Nd2 43. b5 Qe6 44. Kh2 Qg4 45. Rxd5 f5 46. b6 Qh5+ 47. Kg2 Qf3+ 48. Kg1 Qh5 49. Kg2 1/2-1/2

[Event "EU-ch U12"]
[Site "Bratislava"]
[Date "2019.08.08"]
[Round "7"]
[White "Lye, Sverre"]
[Black "Grishin, Petr E"]
[Result "1-0"]
[WhiteElo "1817"]
[BlackElo "1506"]
[PlyCount "59"]
[EventDate "2019.08.02"]
[EventType "swiss"]
[EventRounds "9"]
[EventCountry "SVK"]
[SourceTitle "EXT 2020"]
[Source "ChessBase"]
[SourceDate "2019.10.17"]
[SourceVersion "1"]
[SourceVersionDate "2019.10.17"]
[SourceQuality "1"]

1. e4 e5 2. Nf3 Nc6 3. Bc4 Nf6 4. d3 Bc5 5. c3 0-0 6. 0-0 d5 7. exd5 Nxd5 8. a4 Nb6 9. Bb5 f6 10. a5 Nd5 11. Nbd2 a6 12. Bc4 Kh8 13. d4 exd4 14. Nb3 Ba7 15. Nbxd4 Bg4 16. h3 Bxf3 17. Nxf3 Nde7 18. Bf4 Qxd1 19. Rfxd1 Rad8 20. Bxc7 Rxd1+ 21. Rxd1 Rc8 22. Rd7 Ng6 23. Bd5 Nge7 24. Be6 h5 25. Bd6 Ng6 26. b4 Nd8 27. Bf5 Kh7 28. Rxg7+ Kxg7 29. Bxc8 Nf7 30. Bc7 1-0